| 000 | 00945cam a2200181 i 4500 | ||
|---|---|---|---|
| 020 | _a0870791176 | ||
| 050 | 0 | 0 |
_aQD606 _b.C6 1978 |
| 245 | 1 | 0 |
_aComputers in activation analysis and gamma-ray spectroscopy : _bproceedings of the American Nuclear Society topical conference at Mayagüez, Puerto Rico, April 30-May 4, 1978 / _csponsored by American Nuclear Society, Isotopes and Radiation Division ... [et al.] ; editors, B. Stephen Carpenter, Michael D. D'Agostino, Herbert P. Yule. |
| 260 |
_a[Oak Ridge, Tenn.] : _bTechnical Information Center, U.S. Dept. of Energy ; _aSpringfield, Va. : _bavailable from National Technical Information Service, U.S. Dept. of Commerce, _c1979. |
||
| 300 | _axxii, 879 p. : | ||
| 500 | _a"CONF-780421." | ||
| 650 | 0 |
_xData processing _xCongresses. |
|
| 650 | 0 |
_xData processing _xCongresses. |
|
| 700 | 1 | _aCarpenter, B. Stephen. | |
| 700 | 1 | _aD'Agostino, Michael D. | |
| 700 | 1 | _aYule, Herbert P., | |
| 942 | _cGEN | ||
| 999 |
_c2285 _d2285 |
||